| 000 | 00718aam a2200265 4500 | ||
|---|---|---|---|
| 005 | 20161118140918.0 | ||
| 008 | 150413b xxu||||| |||| 00| 0 spa d | ||
| 041 | _aspa | ||
| 082 | _a972.86 H673h | ||
| 245 | _aHistoria de Costa Rica: volumen 2 | ||
| 260 |
_aCosta Rica _bEIDOS _c1997 |
||
| 300 | _a643 páginas | ||
| 650 |
_aCOSTA RICA _932968 |
||
| 650 |
_aHISTORIA _943 |
||
| 650 |
_aCORTES DE CADIZ _93074 |
||
| 650 |
_aINDEPENDENCIA _92497 |
||
| 650 |
_aFEDERACION _93075 |
||
| 650 |
_aGUERRA 1856 _93076 |
||
| 650 |
_aRELACIONES INTERNACIONALES _93077 |
||
| 650 |
_aSOBERANIA NACIONAL _93078 |
||
| 650 |
_aSIMBOLOS NACIONALES _93079 |
||
| 650 |
_aECONOMIA _9189 |
||
| 650 |
_aCULTURA _91093 |
||
| 942 | _cBK | ||
| 999 |
_c4506 _d4506 |
||